Detalles MARC
| 000 -CABECERA |
| campo de control de longitud fija |
02509nam a2200277 i 4500 |
| 001 - NÚMERO DE CONTROL |
| campo de control |
000029562 |
| 003 - IDENTIFICADOR DEL NÚMERO DE CONTROL |
| campo de control |
DO-SdBNP |
| 005 - FECHA Y HORA DE LA ÚLTIMA TRANSACCIÓN |
| campo de control |
20260212081300.0 |
| 007 - CAMPO FIJO DE DESCRIPCIÓN FÍSICA--INFORMACIÓN GENERAL |
| campo de control de longitud fija |
ta |
| 008 - DATOS DE LONGITUD FIJA--INFORMACIÓN GENERAL |
| campo de control de longitud fija |
110418s1994 dr 000 0 spa d |
| 040 ## - FUENTE DE LA CATALOGACIÓN |
| Centro catalogador/agencia de origen |
DO-SdBNP |
| Lengua de catalogación |
spa |
| Centro/agencia transcriptor |
BNPHU |
| Normas de descripción |
rda |
| 041 17 - CÓDIGO DE LENGUA |
| Código de lengua del texto/banda sonora o título independiente |
spa |
| Código de lengua original |
eng |
| 082 #4 - NÚMERO DE LA CLASIFICACIÓN DECIMAL DEWEY |
| Número de clasificación |
972.9304 |
| Número de documento/Ítem |
I38na |
| Número de edición |
22 |
| 245 03 - MENCIÓN DE TÍTULO |
| Título |
La Independencia Nacional : su proceso ... = National Independence : its process ... / |
| 246 ## - FORMA VARIANTE DE TÍTULO |
| Título propio/Titulo breve |
National Independence : its process ... |
| 264 #1 - PRODUCCIÓN, PUBLICACIÓN, DISTRIBUCIÓN, FABRICACIÓN Y COPYRIGHT |
| Producción, publicación, distribución, fabricación y copyright |
Santo Domingo : |
| Nombre del de productor, editor, distribuidor, fabricante |
Banco Central de la República Dominicana, |
| Fecha de producción, publicación, distribución, fabricación o copyright |
1994. |
| 300 ## - DESCRIPCIÓN FÍSICA |
| Extensión |
79 páginas : |
| Otras características físicas |
ilustraciones, retratos ; |
| Dimensiones |
31 cm. |
| 336 ## - TIPO DE CONTENIDO |
| Término de tipo de contenido |
texto |
| Código de tipo de contenido |
txt |
| Fuente |
rdacontent |
| 337 ## - TIPO DE MEDIO |
| Nombre/término del tipo de medio |
sinmediación |
| Código del tipo de medio |
n |
| Fuente |
rdamedia |
| 338 ## - TIPO DE SOPORTE |
| Nombre/término del tipo de soporte |
volumen |
| Código del tipo de soporte |
nc |
| Fuente |
rdacarrier |
| 505 ## - NOTA DE CONTENIDO CON FORMATO |
| Nota de contenido con formato |
La intelección de la idea de la independencia nacional 9 -- La independencia efímera 1821 10 -- La ocupación haitiana 1822-1844 12 -- Juan Pablo Duarte y Diez, fundador de la República 14 -- Los trinitarios 16 -- La fundación de la Trinitaria. 1938. El juramento trinitario 18 -- Francisco Sánchez del Rosario, padre de la patria 22 -- Matías Ramón Mella del Rosario, padre de la patria 24 -- La dramática 26 -- La filantrópico 28 -- La manifestación del 16 de enero. 1944 30 -- La primera bandera dominicana 32 -- El trabucazo 34 -- La proclamación de la independencia. 27 de febrero de 1844 36 -- Cronología de gobierno y gobernantes de la República Dominicana, 1844-1874 39 -- La guerra dominico-haitiana. 1844-1856. Batallas Ganadas y Héroes destacados 42 -- El regreso de Duarte 15 de marzo de 1844 44 -- La batalla de Azua. 19 de marzo de 1844 46 -- La batalla de Santiago. 30 de marzo de 1844 48 -- La batalla de Tortuguero. Abril de 1844 50 -- El primer congreso constituyente 52 -- La constitución de San Cristóbal. 6 de noviembre de 1844 54 -- La idea de protectorado 56 -- La anexión a España. 18 de marzo de 1861 58 -- El gobierno de anexión. 1861-1863 60 -- El martirio de Sánchez. 4 de julio de 1861 62 -- Causas de la restauración. 1863 64 -- La restauración como guerra social. 1863-1865 68 -- El gobierno restaurador. 1863 66 -- El gobierno restaurador. 1863 70 -- Los héroes de la restauración 72 -- Buenaventura Báez 74 -- La comisión norteamericana. 1871 -- El proyecto de anexión a Estados Unidos. 1871 78 |
| 590 ## - NOTA LOCAL (RLIN) |
| Nota local |
Inventariado, 2022/BT |
| 650 #4 - PUNTO DE ACCESO ADICIONAL DE MATERIA--TÉRMINO DE MATERIA |
| Término de materia o nombre geográfico como elemento de entrada |
República Dominicana |
| Subdivisión general |
Historia |
| Subdivisión cronológica |
Independencia efímera, 1821 |
| 9 (RLIN) |
88898 |
| 910 ## - DATOS DE OPCIÓN DEL USUARIO (OCLC) |
| Datos de opción del usuario |
Btavárez/ Validado. Control de calidad/MAA |
| 942 ## - ELEMENTOS DE PUNTO DE ACCESO ADICIONAL (KOHA) |
| Fuente del sistema de clasificación o colocación |
Dewey Decimal Classification |
| Tipo de ítem Koha |
Libro |